000 00628nam a2200241 i 4500
001 C2-0315648
003 PPAK
005 20180728111505.0
008 120624s2007 nyu |||| ||||| | eng d
020 _a13:9781416525042
040 _aPPAK
_beng
_cPPAK
_erda
082 0 4 _a823
_223
090 0 0 _a823
_bHAW
_dG
100 1 _aHawkins, Karen,
_eauthor
245 1 0 _aTo scotland, with love
264 1 _aNew York :
_bPocket Books ,
_c2007
300 _a357 pages ;
_c17 cm
336 _2rdacontent
_atext
337 _2rdamedia
_aunmediated
338 _2rdacarrier
_avolume
650 1 0 _aEnglish fiction.
942 _ddc
_cB
999 _c116865
_d116865